000 00675nam a2200253Ia 4500
003 OSt
005 20221005060345.0
006 a|||||r|||| 00| 0
007 ta
008 221004b |||||||| |||| 00| 0 eng d
024 _a54874
037 _cTextual
040 _aCRL
_cCRL
_beng
041 _2eng
_aeng
082 _aT:3, L3
100 _aMcFarland H S N
_9599588
245 0 _aIntelligent teaching
_b Professional skills for student teachers.
260 _aLondon
_bRoutledge
_c1973
300 _a145p.
_ccm.
650 _a TEACHING
_934578
650 _aEDUCATION
942 _hT:3, L3
_cTEXL
_2cc
999 _c966569
_d966569